| 000 | 00346nam a2200133Ia 4500 | ||
|---|---|---|---|
| 008 | 240624s9999 xx 000 0 und d | ||
| 041 | _aeng | ||
| 082 | _a330 WHY | ||
| 100 | _aWHYMAN PHILIP B | ||
| 245 | _aECONOMICS OF BREXIT A COST BENEFIT ANALY | ||
| 260 |
_c2017 _aUnited Kingdom _bPalgrave Macmillan |
||
| 300 | _a384 p. | ||
| 365 |
_cERU _b33 |
||
| 999 |
_c32643 _d32643 |
||